000 00283nam a2200133Ia 4500
008 231129s1971||||xx |||||||||||||| ||spa||
040 _bspa
082 _aCo861 F196p
100 _aFallon Diego de J.
245 0 _aPoesia
260 _c1971
264 _aKelly
942 _2ddc
_cBKS
999 _c22933
_d22933